Arabian Nights` Entertainments (Record no. 2626)

MARC details
000 -LEADER
fixed length control field 00568nam a2200229 a 4500
020 ## - INTERNATIONAL STANDARD BOOK NUMBER
ISBN
082 00 - DEWEY DECIMAL CLASSIFICATION NUMBER
Classification number 892.73
Author Cutter LAN1
100 ## - MAIN ENTRY--AUTHOR NAME
Author name Lane, Edward William
245 ## - TITLE STATEMENT
Title Arabian Nights` Entertainments
260 ## - PUBLICATION, DISTRIBUTION, ETC. (IMPRINT)
Place of publication London
Name of publisher G.Bell and Sons Ltd
Year of publication 1926
300 ## - PHYSICAL DESCRIPTION
Number of Pages 388p
500 ## - GENERAL NOTE
General note includes index and biblioraphy
650 ## - SUBJECT ADDED ENTRY--TOPICAL TERM
Topical Term Arabic-Fiction
942 ## - ADDED ENTRY ELEMENTS (KOHA)
Koha item type Books
700 1# -
-- Lane, Edward William
Holdings
Home library Current library Date acquired Cost, normal purchase price Full call number Accession Number Koha item type
Henry Martyn Institute Library Henry Martyn Institute Library   100.00 892.73 LAN1 744 Archive Book
Henry Martyn Institute Library Henry Martyn Institute Library   100.00 892.73 LAN1 745 Archive Book
Henry Martyn Institute Library Henry Martyn Institute Library   100.00 892.73 LAN1 747 Archive Book
                   Copyright © 2026 | Henry Martyn Institute | Hyderabad | TS-500052 | INDIA | Implemented by hmi.edu.in
Hit-Count:

Powered by Koha